Normal view
MARC view
- Landen, Paula Alejandra
Entry Nombre Personal
001 - NUMERO DE CONTROL
- campo de control: 39153
003 - IDENTIFICADOR DE NUMERO DE CONTROL
- campo de control: UPN
005 - FECHA Y HORA DE LA ÜLTIMA TRANSACCIÓN
- campo de control: 20210219194542.0
008 - DATOS DE LONGITUD FIJA
- campo de control de longitud fija: nabaccnnaabn|||||||||| b |nc|||||d
035 ## - NUMERO DE CONTROL
- Número de control: UPN11000011260
040 ## - FUENTE DE CATALOGACIÓN
- Lenguaje de catalogación: SPA
- Agencia de transcripción: UPN
100 1# - ENCABEZAMIENTO - NOMBRE PERSONAL
- Nombre personal: Landen, Paula Alejandra
670 ## - FUENTE EN LA QUE SE LOCALIZARON DATOS
- Cita de la fuente: T
- Uniform Resource Identifier: http://www.casadellibro.com/ebook-el-libro-de-las-interacciones-tempranas-ebook/9789502414744/2284278
902 ## - CATALOGADOR
- Catalogador: MMA/051016
